Responses for show #4658 - Wednesday, December 1, 2004

Ken Jennings is brought out at the beginning to be recognized for his place in game show history.

Contestants

[<< previous game]

Katie Fitzgerald, a wealth management project analyst originally from New Rochelle, New York

Nathan Brownback, a research assistant from Washington, D.C.

Nancy Zerg, a realtor from Ventura, California (whose 1-day cash winnings total $14,401)

[next game >>]

Jeopardy! Round responses

DECEMBER 1st
A JIM CARREY FILM FESTIVAL
SOUNDS ALL AROUND
ASK YOUR DOCTOR...
FOREVER 39
"B" BRAVE
    $200 11
the draft

Katie
    $200 7
How the Grinch Stole Christmas

Nathan
    $200 6
drone

Nathan
    $200 12
the Constitution

Nancy
    $200 1
blackmail

Katie
    $400 19
Antarctica

Nancy
    $400 8
(Nathan: What is Batman and Robin?)
(Katie: What is Batman Returns?)

Batman Forever

NathanKatie
Triple Stumper
    $400 17
valves

Nathan
    $400 13
the New York Yankees

Katie
    $400 2
Pierce Brosnan

Nancy
    $600 20
Christine

Nancy
    $600 9
The Truman Show

Nathan
    $600 23
(Nathan: What is echo?)

a whispering gallery

NathanKatie
    $600 26
obsessive-compulsive disorder

Nathan
    $600 14
John F. Kennedy

Katie
    $600 3
the Berlin Wall

Nancy
    $800 21
(Nathan: What is Mexico?)

Brazil

Nathan
Triple Stumper
    $800 10
The Cable Guy

Nancy
    $800 24
(Nathan: What is a piccolo?)

an ocarina

NathanKatie
    $800 28
[The end-of-round signal sounds.]

Ambien

Triple Stumper
    $800 15
Dylan Thomas

Katie
    $800 4
a buzzard

Nancy
    $1000 22
the Civil Air Patrol

Nathan
    $1000 18
(Nathan: What is Ace Ventura: Pet Detective?)

Man on the Moon

Nathan
Triple Stumper
    $1000 25
Belch

Katie
    $1000 27
(Nancy: What is Pepcid?)
(Nathan: What is Nexium?)

Prilosec

NancyNathanKatie
    $1000 16
Twice-Told Tales

Katie
    $1,000 5
breaching

Nancy

Scores at the first commercial break (after clue 11):

Nancy Nathan Katie
$3,600 $600 $0

Scores at the end of the Jeopardy! Round:

Nancy Nathan Katie
$3,800 -$1,600 $6,200

Double Jeopardy! Round responses

LET'S GET CREATIVE
SPORTS RECORDS
MILITARY TRAINING BASES
AMERICANA
SPELL-BOUND FOR BROADWAY
(Alex: You have to spell the important word in the response.)
"SUM" IT UP
    $400 21
Gertrude Stein

Nathan
    $400 10
Wayne Gretzky

Nathan
    $400 26
the Mojave

Nancy
    $400 1
the National Air and Space Museum

Nathan
    $400 15
(Nancy: What is T-E-V-Y-A?)

T-E-V-Y-E

NancyNathan
    $400 4
A Midsummer Night's Dream

Katie
    $800 22
terra cotta

Katie
    $800 11
Cy Young

Katie
    $800 27
Fort Bliss

Triple Stumper
    $800 2
Halls of Fame

Nancy
    $1,900 16
(Nathan: I don't know.)

E-Q-U-U-S

Nathan
    $800 5
Cogito ergo sum

Katie
    $1200 23
Guignol

Nancy
    $1200 12
Wilt Chamberlain

Nathan
    $1200 3
a steamboat

Triple Stumper
    $1200 18
J-A-V-E-R-T

Nathan
    $1200 6
Summa Cum Laude

Nathan
    $1600 24
mantillas

Katie
    $1600 13
Richard Petty

Triple Stumper
    $1600 29
[The end-of-round signal sounds.]

Marines

Nancy
    $1600 9
Circle K

Triple Stumper
    $1600 19
L-U-M-I-E-R-E

Nathan
    $1600 7
gypsum

Katie
    $2000 25
(Nancy: Who is Chippendale?)

Duncan Phyfe

Nancy
Triple Stumper
    $2000 14
Dick "Night Train" Lane

Triple Stumper
    $2,200 28
(Nancy: [Shrugs])

Fort Leonard Wood

Nancy
    $2000 17
L, A, N and D

Nathan
    $2000 20
A-L-D-O-N-Z-A

Nancy
    $2000 8
sumac

Katie

Scores at the end of the Double Jeopardy! Round:

Nancy Nathan Katie
$5,200 $5,300 $14,200
(lock game)

[wagering suggestions for these scores]

Final Jeopardy! Round responses

THE 18th CENTURY
(Alex: The ship was sent back to find [*], who led the mutiny on the Bounty. Brought back other mutineers, never found him.)
NancyWho is Captain Bligh?
$5,198
NathanWho is Cook?
$5,101
KatieWho is Cooke?
$800
Fletcher Christian

Final scores:

Nancy Nathan Katie
$2 $199 $13,400
3rd place: $1,000 2nd place: $2,000 New champion: $13,400

Game dynamics:

Coryat scores:

Nancy Nathan Katie
$7,400 $7,200 $14,200
13 R
(including 1 DD),
4 W
(including 1 DD)
15 R,
7 W
(including 1 DD)
17 R,
1 W

Combined Coryat: $28,800

The J! Archive is created by fans, for fans. The Jeopardy! game show and all elements thereof, including but not limited to copyright and trademark thereto, are the property of Jeopardy Productions, Inc. and are protected under law. This website is not affiliated with, sponsored by, or operated by Jeopardy Productions, Inc. Join the discussion at JBoard.tv.